000 00324pab a2200145 454500
008 180718b2000 xxu||||| |||| 00| 0 eng d
100 _aPaul, Justin
245 _aEuro: past, present and future
260 _c2000
300 _ap.48-51
362 _aJan-Jun
650 _aCurrencies
773 _aVision
909 _a45770
999 _c45770
_d45770